[Event "Nakhchivan Open"]
[Site "?"]
[Date "2011.04.28"]
[Round "?"]
[White "Wang, Yue"]
[Black "Durarbeyli, V"]
[WhiteElo "2734"]
[BlackElo "2510"]
[Result "1/2-1/2"]

1. d4 d5 2. c4 c6 3. Nf3 Nf6 4. e3 Bf5 5. Nc3 e6 6. Nh4 Be4 7. f3 Bg6 8. Qb3 Qc7 9. Bd2 Be7 10. Rc1 Nbd7 11. g3 dxc4 12. Bxc4 O-O 13. Be2 Rad8 14. Nxg6 hxg6 15. f4 Nb6 16. Bf3 Qb8 17. Ne2 c5 18. dxc5 Bxc5 19. Rxc5 Rxd2 20. Kxd2 Qd6+ 21. Nd4 Qxc5 22. Rc1 Qa5+ 23. Ke2 Re8 24. h3 e5 25. Qb5 Qxb5+ 26. Nxb5 exf4 27. gxf4 Nfd5 28. Kf2 Nb4 29. Be2 N4d5 30. Bf3 Nb4 31. Be2 N4d5 32. Bf3 

1/2-1/2

[Event "1st Chinese Celebrity"]
[Site "?"]
[Date "2011.06.14"]
[Round "?"]
[White "Wang, Yue"]
[Black "Yu, Yangyi"]
[WhiteElo "2714"]
[BlackElo "2646"]
[Result "1-0"]

1. d4 Nf6 2. c4 e6 3. Nf3 d5 4. g3 Bb4+ 5. Bd2 Be7 6. Bg2 O-O 7. O-O c6 8. Bg5 b6 9. Nbd2 Nbd7 10. Qa4 Bb7 11. Rfd1 h6 12. Bxf6 Bxf6 13. Rac1 c5 14. cxd5 Bxd5 15. e4 Bb7 16. Nb3 Qc8 17. dxc5 Nxc5 18. Nxc5 bxc5 19. e5 Be7 20. Qd7 Re8 21. Ne1 Rb8 22. Bxb7 Rxb7 23. Qxc8 Rxc8 24. b3 a5 25. Rc4 Rb4 26. Rd7 Kf8 27. Ra7 Bd8 28. Nd3 Rxc4 29. bxc4 Ke8 30. Kf1 Rb8 31. Nxc5 Bb6 32. Rb7 Rxb7 33. Nxb7 Kd7 34. Nd6 f5 35. exf6 gxf6 36. Ne4 f5 37. Nc3 Kc6 38. Ke2 Bd4 39. Na4 e5 40. f3 e4 41. fxe4 fxe4 42. g4 Kd6 43. h4 Ke5 44. c5 Kd5 45. g5 hxg5 46. hxg5 Kc6 47. g6 Kb5 48. Kd2 Kc6 49. Kc2 e3 50. Kd3 Kd5 51. Nc3+ Kxc5 52. Ne4+ Kd5 53. Ng3 Bh8 54. Nf5 Ke5 55. g7 Bxg7 56. Nxg7 Kf4 57. Ne6+ Kf3 58. Nd4+ Kf4 59. a4 Ke5 60. Kxe3 Kd5 61. Kd3 Kc5 62. Ke4 

1-0

[Event "1st Chinese Championship Rapid Prelim"]
[Site "?"]
[Date "2011.07.03"]
[Round "?"]
[White "Wang, Yue"]
[Black "Jia, Haoxiang"]
[WhiteElo "2709"]
[BlackElo "2369"]
[Result "1-0"]

1. Nf3 Nf6 2. g3 g6 3. d4 d5 4. Bg2 Bg7 5. c4 c6 6. cxd5 cxd5 7. Nc3 Nc6 8. O-O O-O 9. Ne5 e6 10. Bf4 Nxe5 11. Bxe5 Ne8 12. e4 dxe4 13. Nxe4 f6 14. Bf4 f5 15. Nc5 Qxd4 16. Nxb7 Qxd1 17. Rfxd1 e5 18. Bd5+ Kh8 19. Nd8 exf4 20. Bxa8 fxg3 21. hxg3 Bxb2 22. Rab1 Be5 23. Bb7 Nd6 24. Nc6 Bxb7 25. Nxe5 Be4 26. Rbc1 Nf7 27. Nd7 Rd8 28. Nf6 Rxd1+ 29. Rxd1 Bc6 30. Rc1 Nd8 31. Nd7 Bxd7 32. Rd1 Be6 33. Rxd8+ Kg7 34. a4 a6 35. Rd6 Bc4 36. Rc6 Bd3 37. Rc7+ Kh6 38. f4 g5 39. Kf2 g4 40. Ke3 Bf1 41. Kd4 Kg6 42. Ke5 Bd3 43. Rd7 Be4 44. Rd6+ Kg7 45. Rxa6 h5 46. Kd4 

1-0

[Event "1st Chinese Championship Rapid Prelim"]
[Site "?"]
[Date "2011.07.03"]
[Round "?"]
[White "Xu, Jun"]
[Black "Wang, Yue"]
[WhiteElo "2498"]
[BlackElo "2709"]
[Result "1-0"]

1. Nf3 Nf6 2. c4 e6 3. g3 b6 4. Bg2 Bb7 5. d4 Be7 6. O-O O-O 7. d5 exd5 8. Nh4 c6 9. cxd5 Nxd5 10. Nf5 Nc7 11. Nc3 d5 12. e4 Bf6 13. exd5 cxd5 14. Bf4 Nba6 15. Re1 Qd7 16. Bh3 Ne6 17. Ne4 Bxb2 18. Rb1 Rad8 19. Ng5 Bf6 20. Nh6+ gxh6 21. Nxe6 Kh8 22. Nxd8 Qxd8 23. Bxh6 Rg8 24. Qh5 Rg6 25. Bf4 Nc5 26. Rbd1 Kg8 27. Be5 Rg5 28. Bxf6 Qxf6 29. Qh4 Ne4 30. f4 Rg6 31. Qxf6 Rxf6 32. Bg2 a5 33. Bxe4 dxe4 34. Kf2 b5 35. Rd7 Bc6 36. Rd8+ Kg7 37. Red1 b4 38. R1d6 Bb5 39. Rxf6 Kxf6 40. Rd5 Bc4 41. Rxa5 Ke6 42. Ke3 f5 43. Kd4 Bd3 44. Ra4 Bb1 45. Rxb4 Bxa2 46. Rb7 

1-0

[Event "1st Chinese Championship Rapid Prelim"]
[Site "?"]
[Date "2011.07.04"]
[Round "?"]
[White "Wang, Yue"]
[Black "Lou, Yiping"]
[WhiteElo "2709"]
[BlackElo "2431"]
[Result "1-0"]

1. d4 Nf6 2. c4 g6 3. g3 c6 4. Bg2 d5 5. cxd5 cxd5 6. Nf3 Nc6 7. Nc3 Ne4 8. Qb3 Nxc3 9. bxc3 Bg7 10. Nd2 e6 11. Ba3 f5 12. O-O Na5 13. Qb2 Kf7 14. Rac1 Qb6 15. c4 Bxd4 16. Qxb6 Bxb6 17. cxd5 exd5 18. Bxd5+ Be6 19. Bxe6+ Kxe6 20. Nf3 Rad8 21. Rfe1 h6 22. e4 Nc6 23. exf5+ Kxf5 24. Bb2 Rhe8 25. Nh4+ Kg5 26. Kg2 Kh5 27. Kh3 Bxf2 28. Bf6 

1-0

[Event "1nd China, League Rounds 11-14"]
[Site "?"]
[Date "2013.10.10"]
[Round "?"]
[White "Gao, Rui"]
[Black "Wang, Yue"]
[WhiteElo "2469"]
[BlackElo "2713"]
[Result "0-1"]

1. Nf3 Nc6 2. Nc3 e6 3. d4 Nxd4 4. Be3 a6 5. Qd2 Nf6 6. O-O-O Bb4 7. Kb1 Ba5 8. Bf4 e5 9. Bg5 h5 10. a3 h4 11. Bxf6 gxf6 12. Ne4 Nf5 13. g3 Ne3 14. a4 Nxd1 15. c3 Ne3 16. Ka2 f5 17. fxe3 Kf8 

0-1

[Event "1nd China, League Rounds 11-14"]
[Site "?"]
[Date "2013.10.11"]
[Round "?"]
[White "Ji, Dan"]
[Black "Wang, Yue"]
[WhiteElo "2374"]
[BlackElo "2713"]
[Result "0-1"]

1. e4 c5 2. Nf3 Nc6 3. d4 cxd4 4. Nxd4 Qc7 5. Nb5 Qb8 6. c4 Nf6 7. N5c3 e6 8. Be3 b6 9. Be2 Bc5 10. Qd2 Bb7 11. Na3 O-O 12. Nc2 Nb4 13. Bxc5 bxc5 14. f3 Nxc2+ 15. Qxc2 Bc6 16. O-O-O a5 17. g3 a4 18. a3 e5 19. Bf1 Ra6 20. Rd2 Qb7 21. Nb5 Rfa8 22. Qc3 Qb8 23. Nd6 Ne8 24. Qxe5 Bxe4 25. Qxe4 Nxd6 26. Qd5 Qb3 27. Qd3 Re8 28. Be2 Qxd3 29. Bxd3 Re3 30. f4 g6 31. Rhd1 Rb6 32. Re2 Re6 33. Re5 Rc6 34. Rd5 Kf8 35. Kc2 Ke7 36. Kc3 f5 37. Rd2 h5 38. Rd1 Rc7 39. Kc2 Ne8 40. Bf1 Nf6 41. R5d2 Ng4 42. Kc1 Ne3 43. Re1 Nxf1 44. Rxf1 Re4 45. Rc2 Rc6 46. Rd1 Rce6 47. Rc3 h4 48. Rd2 h3 49. Kc2 Rd4 50. Rf2 Ree4 51. b3 Kd6 52. Kb2 Kc6 53. Rfc2 axb3 54. Kxb3 Rd1 55. Rb2 Rg1 56. a4 Ra1 57. Rd3 Re8 58. Rbd2 Rb8+ 59. Kc2 Ra2+ 60. Kc3 Ra3+ 61. Kc2 Rxd3 62. Rxd3 Rb4 63. Kc3 Rxa4 64. Rd5 Ra3+ 65. Kb2 Rf3 

0-1

[Event "1nd China, League Rounds 11-14"]
[Site "?"]
[Date "2013.10.13"]
[Round "?"]
[White "Zeng, C"]
[Black "Wang, Yue"]
[WhiteElo "2508"]
[BlackElo "2713"]
[Result "0-1"]

1. e4 c5 2. Nf3 Nc6 3. Bb5 Nf6 4. Bxc6 dxc6 5. d3 Bg4 6. Nbd2 Nd7 7. h3 Bh5 8. Nc4 f6 9. Qe2 e5 10. g4 Bf7 11. h4 Be7 12. Ne3 Nf8 13. Nf5 Ne6 14. h5 Qc7 15. h6 g5 16. Ng7+ Kd7 17. Be3 Nd4 18. Qd1 Rad8 19. c3 Ne6 20. Qa4 Kc8 21. Qxa7 Rxd3 22. Nf5 Rhd8 23. Nd2 Nd4 24. Nxe7+ Qxe7 25. O-O-O Qd6 26. Bxd4 cxd4 27. c4 Rxd2 28. Rxd2 Bxc4 29. Kb1 Qb4 30. Rhd1 Kc7 31. Rc2 Ba6 32. f3 Qf8 33. Rdd2 Ra8 34. Qc5 Qxc5 35. Rxc5 Kd6 36. Rc1 c5 37. b3 b5 38. Rdc2 Rc8 39. Rd2 c4 40. bxc4 bxc4 41. Rb2 Kc5 42. Kc2 c3 43. Kd1 Bb5 44. a4 Bxa4+ 45. Ke1 Kc4 46. Rb6 d3 47. Rd6 Rb8 48. Ra1 d2+ 49. Ke2 d1=Q+ 50. Raxd1 Rb2+ 51. Ke1 Rh2 52. R1d5 c2 

0-1

[Event "Tan Chin Nam Cup"]
[Site "?"]
[Date "2002.07.07"]
[Round "?"]
[White "Wang, Yue"]
[Black "Benjamin, Joel"]
[WhiteElo "2455"]
[BlackElo "2608"]
[Result "0-1"]

1. d4 Nf6 2. c4 e6 3. Nc3 Bb4 4. e3 O-O 5. Nge2 d5 6. a3 Be7 7. cxd5 exd5 8. Ng3 Re8 9. Bd3 Nbd7 10. O-O Nf8 11. Nf5 Bxf5 12. Bxf5 c6 13. Bc2 Ne6 14. b4 a6 15. Bd2 Bd6 16. Rc1 Nc7 17. h3 Nb5 18. a4 Na3 19. Bd3 b5 20. Qb3 Nc4 21. Be1 Qe7 22. Nd1 Bc7 23. Ra1 Qd6 24. g3 Ne4 25. Bxe4 dxe4 26. Rc1 Nb6 27. a5 Nd5 28. Nc3 Nf6 29. Ne2 Qd7 30. Kg2 Rac8 31. Nc3 Bd6 32. f4 exf3+ 33. Rxf3 Re6 34. Bf2 Bf8 35. Rc2 Rce8 36. Rb2 Nd5 37. Nxd5 cxd5 38. Rc2 Rc6 39. Rxc6 Qxc6 40. Be1 g6 41. Qd3 Rc8 42. Qf1 Qe6 43. g4 Rc2+ 44. Kg1 Rc1 45. Kg2 Qe4 46. Qf2 Rc2 47. Bd2 Bd6 48. Kg1 Rxd2 

0-1

[Event "Tianjing CHN,Team Championship03"]
[Site "?"]
[Date "2003.09.05"]
[Round "?"]
[White "Wang, Yue"]
[Black "Li, Shilong"]
[WhiteElo "2509"]
[BlackElo "2522"]
[Result "0-1"]

1. d4 Nf6 2. c4 e6 3. Nc3 Bb4 4. e3 O-O 5. Nge2 d5 6. a3 Be7 7. cxd5 exd5 8. Ng3 c5 9. dxc5 Bxc5 10. Be2 Nc6 11. Na4 Bd6 12. O-O Be6 13. b4 Qe7 14. Bb2 Rad8 15. Rc1 d4 16. exd4 Be5 17. Bd3 Bxd4 18. Bxd4 Nxd4 19. Nc5 b6 20. Nxe6 Qxe6 21. Bc4 Qe5 22. Qe1 Qf4 23. Qe3 Qh4 24. Qe7 Rde8 25. Qxa7 Ng4 26. h3 Ne5 27. Bd5 Rd8 28. Bb7 f5 29. Rc7 f4 30. Be4 g6 31. Re1 fxg3 32. fxg3 Ne2+ 33. Kh1 Nxg3+ 34. Kg1 Nxe4 

0-1

[Event "1nd China, League Rounds 15-18"]
[Site "?"]
[Date "2013.11.12"]
[Round "?"]
[White "Wang, Yue"]
[Black "Lu, Shanglei"]
[WhiteElo "2725"]
[BlackElo "2550"]
[Result "1/2-1/2"]

1. d4 d5 2. c4 e6 3. Nf3 Nf6 4. g3 dxc4 5. Bg2 c5 6. O-O Nc6 7. Na3 cxd4 8. Nxc4 Be7 9. Qb3 Nd7 10. e3 Nc5 11. Qd1 d3 12. b3 f6 13. Nd4 e5 14. Bxc6+ bxc6 15. Nxc6 Qd5 16. Nxe7 Kxe7 17. Ba3 Bh3 18. e4 Qd4 19. Ne3 d2 20. Bxc5+ Qxc5 21. Qxd2 Rhd8 22. Nd5+ Rxd5 23. exd5 Bxf1 24. Rc1 Qb5 25. Rxf1 Rd8 26. Rd1 a6 27. d6+ Ke6 28. Qc2 g6 29. Qc7 Rd7 30. Qc8 h5 31. Qg8+ Kf5 32. Qc4 Qxc4 33. bxc4 Ke6 34. c5 Rd8 35. Kg2 Kd7 36. Rd3 Kc6 37. Rc3 f5 38. Kf3 a5 39. Ke3 Kd5 40. h4 a4 41. f3 Kc6 42. Rc4 Kd5 43. Kd3 Rb8 44. Kc3 a3 45. Rb4 Rd8 46. Rb5 e4 47. fxe4+ fxe4 48. Ra5 Rf8 49. Kd2 Rf3 50. Ke2 Kc6 51. Ra8 Rxg3 52. Rc8+ Kd7 53. Rc7+ Kd8 54. c6 Rd3 55. Rd7+ Kc8 56. Kf2 Rf3+ 57. Ke1 Rc3 58. Rc7+ Kd8 59. Kf2 Rf3+ 60. Ke2 Rd3 61. Rd7+ Kc8 62. Ke1 Rc3 63. Rc7+ Kd8 64. Kf2 Rf3+ 65. Ke2 Rd3 66. Ra7 Rxd6 67. c7+ Kc8 68. Rxa3 Kxc7 69. Ke3 Rd1 70. Kxe4 

1/2-1/2

[Event "1nd China, League Rounds 15-18"]
[Site "?"]
[Date "2013.11.13"]
[Round "?"]
[White "Ni, Hua"]
[Black "Wang, Yue"]
[WhiteElo "2668"]
[BlackElo "2725"]
[Result "1/2-1/2"]

1. e4 e5 2. Nf3 Nf6 3. Nxe5 d6 4. Nf3 Nxe4 5. d4 d5 6. Bd3 Nc6 7. O-O Be7 8. c4 Nb4 9. Be2 O-O 10. a3 Nc6 11. cxd5 Qxd5 12. Nc3 Nxc3 13. bxc3 Bf5 14. Bf4 Rac8 15. Re1 Rfe8 16. h3 h6 17. Nd2 Na5 18. Bf3 Qd7 19. Nb3 Nxb3 20. Qxb3 c6 21. Be5 b5 22. a4 a6 23. axb5 axb5 24. c4 bxc4 25. Qxc4 c5 26. d5 Bd6 27. Bxd6 Qxd6 28. Rxe8+ Rxe8 29. Rc1 Rc8 30. Bg4 Bxg4 31. hxg4 Rd8 32. Qxc5 Qxd5 33. Qxd5 Rxd5 

1/2-1/2

[Event "1nd China, League Rounds 15-18"]
[Site "?"]
[Date "2013.11.14"]
[Round "?"]
[White "Wang, Yue"]
[Black "Chu, Wei Chao"]
[WhiteElo "2725"]
[BlackElo "2275"]
[Result "1-0"]

1. g3 g6 2. Bg2 Bg7 3. d4 Nf6 4. e4 O-O 5. Nc3 d6 6. Nge2 e5 7. O-O Nc6 8. dxe5 Nxe5 9. f4 Ned7 10. h3 Qe7 11. g4 Nc5 12. Ng3 c6 13. Re1 Nfd7 14. Be3 Nb6 15. Qf3 Nca4 16. Nxa4 Nxa4 17. e5 Nxb2 18. exd6 Qxd6 19. f5 Re8 20. Ne4 Rxe4 21. Qxe4 Bd7 22. Rab1 Re8 23. Qf3 Bc3 24. Re2 Qa3 25. Bh6 Rxe2 26. Qxe2 f6 27. Qe3 Qb4 28. Kh1 a5 29. a3 Qxa3 30. Qb6 Qe7 31. Qb3+ 

1-0

[Event "Beijing China, Mind Games"]
[Site "?"]
[Date "2013.12.12"]
[Round "?"]
[White "Wang, Yue"]
[Black "Ponomariov, Ruslan"]
[WhiteElo "2723"]
[BlackElo "2731"]
[Result "1-0"]

1. d4 Nf6 2. c4 g6 3. Nc3 d5 4. Bg5 Bg7 5. Nf3 Ne4 6. Bh4 Nxc3 7. bxc3 dxc4 8. e3 b5 9. Be2 Nd7 10. a4 c6 11. Nd2 a6 12. Bf3 Bb7 13. O-O O-O 14. Qb1 Rb8 15. axb5 axb5 16. Rd1 Re8 17. Bg3 e5 18. dxe5 Bxe5 19. Ne4 Bc8 20. Ra7 Bxg3 21. hxg3 Re6 22. Nc5 Qb6 23. Nxd7 Qxa7 24. Nxb8 Qxb8 25. Rd8+ Kg7 26. Qb4 Kf6 27. Qf8 

1-0

[Event "Beijing China, Mind Games"]
[Site "?"]
[Date "2013.12.13"]
[Round "?"]
[White "Wang, Yue"]
[Black "Nepomniachtchi, Ian"]
[WhiteElo "2723"]
[BlackElo "2721"]
[Result "1/2-1/2"]

1. c4 Nf6 2. Nc3 e5 3. Nf3 Nc6 4. e3 Bb4 5. Qc2 Bxc3 6. Qxc3 Qe7 7. d3 a5 8. Be2 O-O 9. O-O d5 10. cxd5 Nxd5 11. Qc2 Rd8 12. a3 a4 13. Bd2 Be6 14. Rac1 f6 15. Rfe1 Qf7 16. d4 exd4 17. Nxd4 Nxd4 18. exd4 c6 19. Bd3 h6 20. Re2 Qd7 21. Rce1 Bf7 22. h3 Re8 23. Bh7+ Kh8 24. Bf5 Qd8 25. Rxe8+ Bxe8 26. Qc1 Ne7 27. Bb1 Bg6 28. Rxe7 Bxb1 29. Rxb7 Qc8 30. Re7 Qd8 31. Qxc6 Rb8 32. Rd7 Qe8 33. Bxh6 Bf5 34. Bxg7+ Kg8 35. Rc7 Qxc6 36. Rxc6 Kxg7 37. Rc4 Rxb2 38. Rxa4 Kg6 39. Rb4 Ra2 40. Rb3 Rd2 41. Rb4 Ra2 42. Rb3 

1/2-1/2

[Event "1nd China, League Rounds 19-22"]
[Site "?"]
[Date "2013.12.21"]
[Round "?"]
[White "Bu, Xiangzhi"]
[Black "Wang, Yue"]
[WhiteElo "2683"]
[BlackElo "2725"]
[Result "1-0"]

1. c4 c5 2. Nf3 Nc6 3. d4 cxd4 4. Nxd4 Nf6 5. g3 d6 6. Bg2 Bd7 7. O-O g6 8. b3 Bg7 9. Bb2 O-O 10. e3 Nxd4 11. exd4 d5 12. Nc3 Bg4 13. Qd3 Bf5 14. Qe2 dxc4 15. bxc4 Qxd4 16. Nd5 Qd3 17. Nxe7+ Kh8 18. Qe5 Nh5 19. Qb5 Qd7 20. Qxb7 Qxb7 21. Bxg7+ Nxg7 22. Bxb7 Rae8 23. Nxf5 Nxf5 24. c5 Re7 25. c6 Nd6 26. Rab1 Rc7 27. Rb3 Rb8 28. Rfb1 Kg7 29. Kg2 h5 30. a4 a5 31. Rb6 Re8 32. Ra6 Re5 33. Ba8 g5 34. Rd1 Nc4 35. Rd4 Rc5 36. Rd7 Rc8 37. Bb7 Rb8 38. Ra7 Ne5 39. Re7 Nxc6 40. Bxc6 Rxc6 41. Rxf7+ Kg6 42. Rg7+ Kf6 43. Rgd7 Rc5 44. Ra6+ Kf5 45. Rda7 Rb1 46. Rxa5 Rxa5 47. Rxa5+ Kg6 48. Ra6+ Kg7 49. h3 Ra1 50. Kf3 Ra3+ 51. Ke4 Ra2 52. Kf5 g4 53. hxg4 hxg4 54. Rg6+ Kf7 55. Rf6+ Ke7 56. Ke4 

1-0

[Event "1nd China, League Rounds 19-22"]
[Site "?"]
[Date "2013.12.23"]
[Round "?"]
[White "Ponomariov, Ruslan"]
[Black "Wang, Yue"]
[WhiteElo "2731"]
[BlackElo "2725"]
[Result "1/2-1/2"]

1. e4 e5 2. Nf3 Nf6 3. Nxe5 d6 4. Nf3 Nxe4 5. Nc3 Nxc3 6. dxc3 Be7 7. Be3 Nc6 8. Qd2 Be6 9. O-O-O Qd7 10. h4 h6 11. Kb1 Bf6 12. Bb5 a6 13. Bxc6 Qxc6 14. Bd4 Bxd4 15. Nxd4 Qxg2 16. Rhg1 Qh3 17. Rxg7 O-O-O 18. Qf4 Rdg8 19. Rxg8+ Rxg8 20. Qxh6 Kb8 21. Qf6 Bc8 22. Qxf7 Rh8 23. Re1 Rxh4 24. a3 Rh7 25. Qb3 Ka7 26. Qg8 Rh8 27. Qg5 Kb8 28. Ka2 Qh4 29. Qe3 Rf8 30. Re2 Qf4 31. Qxf4 Rxf4 32. Kb1 c5 33. Nb3 Bg4 34. Rd2 Kc7 35. Nc1 c4 36. b3 Be6 37. bxc4 Rf3 38. Kb2 Bxc4 39. Nb3 Bxb3 40. cxb3 b5 41. b4 Kd7 42. Kb3 Kc6 43. Rc2 d5 44. Rd2 Kd6 45. Kc2 Ke6 46. Re2+ Kd7 47. Kb2 Kd6 48. Rc2 Kd7 49. a4 bxa4 50. Ka3 Kc6 51. Kxa4 Kb6 52. Rd2 Rxc3 53. Rxd5 Rf3 54. Rd2 Kc6 55. Rc2+ Kb6 56. Re2 Kc6 57. Re6+ Kb7 58. b5 axb5+ 59. Kxb5 Rxf2 

1/2-1/2

[Event "Astrakhan FIDE Grand Prix"]
[Site "?"]
[Date "2010.05.24"]
[Round "?"]
[White "Radjabov, Teimour"]
[Black "Wang, Yue"]
[WhiteElo "2740"]
[BlackElo "2752"]
[Result "1/2-1/2"]

1. e4 e5 2. Nf3 Nf6 3. Nxe5 d6 4. Nf3 Nxe4 5. Nc3 Nxc3 6. dxc3 Be7 7. Be3 Nc6 8. Qd2 O-O 9. O-O-O Ne5 10. h4 c6 11. Kb1 Bg4 12. Be2 Nxf3 13. Bxf3 Bxf3 14. gxf3 Qa5 15. h5 Qf5 16. Rdg1 f6 17. Rg4 Rf7 18. Rf4 Qe6 19. Re4 Qf5 20. Rf4 Qe6 21. Re4 Qd7 22. c4 Bf8 23. Rg4 Qf5 24. Rf4 Qe6 25. Re4 Qf5 26. Rf4 Qe6 27. Re4 Qd7 28. Rg4 b6 29. Qd3 f5 30. Rd4 Re8 31. Bf4 Rf6 32. Rd1 h6 33. b3 Ree6 34. Bg3 Qe8 35. Bh4 Rf7 36. Bg3 f4 37. Rxf4 Rxf4 38. Bxf4 Qxh5 39. Bc1 Qg6 40. Qxg6 Rxg6 41. Be3 Rf6 42. f4 Rf5 43. c3 d5 44. cxd5 Rxd5 45. Rg1 Kf7 46. Kc2 g6 47. c4 Rd7 48. f5 gxf5 49. a4 c5 50. Rh1 Kg6 51. Rg1+ Kf6 52. Rh1 Kg6 53. Rg1+ Kh7 54. Rh1 a5 55. Rh5 Kg6 56. Rh1 Bg7 57. Rg1+ Kh7 58. Rh1 Bf8 59. Rh5 Kg6 60. Rh1 Rd6 61. Bf4 Re6 62. Kd2 h5 63. Re1 Rc6 64. Ke3 Re6+ 65. Kd2 Rf6 66. Be5 Rc6 67. Rg1+ Kf7 68. Ke3 Bh6+ 69. f4 h4 70. Rh1 Re6 71. Kf2 Bg7 72. Bxg7 Kxg7 73. Rxh4 Re4 74. Kf3 Re1 75. Rh3 Rb1 76. Rg3+ Kf6 77. Kg2 Rb2+ 78. Kf1 Rh2 79. Kg1 Rd2 80. Kf1 Rd4 81. Rf3 Kg6 82. Kg2 Kh5 83. Kh3 Re4 84. Kg3 Re1 85. Rd3 Rg1+ 86. Kh3 Rg4 87. Rf3 Rh4+ 88. Kg3 Rh1 89. Re3 Rg1+ 90. Kh3 Rf1 91. Kg3 Rg1+ 

1/2-1/2

[Event "Astrakhan FIDE Grand Prix"]
[Site "?"]
[Date "2010.05.22"]
[Round "?"]
[White "Inarkiev, Ernesto"]
[Black "Wang, Yue"]
[WhiteElo "2669"]
[BlackElo "2752"]
[Result "1/2-1/2"]

1. e4 e5 2. Nf3 Nf6 3. Nxe5 d6 4. Nf3 Nxe4 5. Nc3 Nxc3 6. dxc3 Be7 7. Be3 Nc6 8. Qd2 Be6 9. O-O-O Qd7 10. Kb1 Bf6 11. h4 O-O-O 12. Ng5 Bf5 13. Bd3 Bxd3 14. Qxd3 h5 15. Ne4 Kb8 16. Bd4 Be5 17. Bxe5 Nxe5 18. Qg3 Qg4 19. f3 Qxg3 20. Nxg3 Rde8 21. Rde1 Kc8 22. b3 Re6 23. Nf5 g6 24. Nd4 Ree8 25. Kc1 Kd7 26. c4 Nc6 27. Nxc6 Kxc6 28. Rxe8 Rxe8 29. Kd2 Re5 30. a4 a5 31. Kd3 Kd7 32. c3 b6 33. b4 axb4 34. cxb4 c5 35. a5 cxb4 36. axb6 Ra5 37. Rb1 Ra4 38. Kc2 Kc6 39. Kb3 Ra6 40. g4 d5 41. gxh5 gxh5 42. cxd5+ Kxd5 43. Ra1 Rxb6 44. Ra5+ Kd4 45. Rf5 Ke3 46. Rxf7 Rb5 47. Rf8 Kf2 48. Rg8 Rf5 49. Rg5 Rxf3+ 50. Kb2 Rf4 51. Rxh5 Kg3 52. Kb3 Rxh4 53. Rxh4 

1/2-1/2

[Event "Maotai Prince Cup Kings"]
[Site "?"]
[Date "2009.09.19"]
[Round "?"]
[White "Wang, Yue"]
[Black "Zhou, Jianchao"]
[WhiteElo "2736"]
[BlackElo "2623"]
[Result "1/2-1/2"]

1. d4 Nf6 2. c4 g6 3. Nc3 Bg7 4. e4 d6 5. Nf3 O-O 6. Be2 e5 7. Be3 Ng4 8. Bg5 f6 9. Bc1 exd4 10. Nxd4 f5 11. h3 Ne5 12. exf5 gxf5 13. Nd5 Na6 14. O-O Ng6 15. Nf4 Nxf4 16. Bxf4 c6 17. Nf3 Re8 18. Rb1 Nc5 19. Bxd6 Rxe2 20. Bxc5 Qxd1 21. Rbxd1 Be6 22. b3 b6 23. Bd4 Bf8 24. Rfe1 Rxe1+ 25. Rxe1 Re8 26. Bc3 c5 27. Kf1 Bd7 28. Rxe8 Bxe8 29. Be5 b5 30. Ke2 bxc4 31. bxc4 Kf7 32. Nd2 Ke6 33. Bf4 a5 34. f3 a4 35. Kd3 h5 36. Nf1 Bg7 37. Ne3 a3 38. Nd5 Ba4 39. Bc1 Bb3 40. Bxa3 Bxa2 41. Bxc5 Bb1+ 42. Ke3 Bh6+ 43. Kf2 Bd3 44. Nb6 Bf4 45. Be3 Bc7 46. c5 f4 47. Bd2 Be5 48. Ke1 Bb5 49. Bb4 Ba6 50. Bd2 Bd4 51. Na4 Bb5 52. Nc3 Bxc3 53. Bxc3 Kd5 54. Bb4 Kc4 55. Ba3 Kb3 56. Bc1 Kc4 57. Bxf4 Kxc5 58. Kf2 Kd5 59. g4 Ke6 60. gxh5 Bd3 61. Kg3 Bh7 62. Kg4 Bf5+ 63. Kh4 Kf6 64. Be3 Be6 65. Kg3 Kf5 66. h4 Bf7 67. h6 Bg6 68. Kf2 Bh7 69. Bc1 Kg6 70. Bg5 Kf5 71. Ke3 Bg6 72. Kd4 Ke6 73. Kc5 Bh7 74. Kc6 Bg6 75. Kc7 Bh7 76. Kd8 Kf7 77. Kd7 Bg6 78. Kd6 Bh7 79. Ke5 Bg6 80. Bc1 Bh7 81. Bd2 Bg6 82. Kf4 Bh7 83. Kg5 Ke6 84. f4 Kf7 85. f5 Bg8 86. Bc3 Bh7 87. Bd4 Bg8 88. h7 Bxh7 89. Bc3 Ke7 90. Bb4+ Kf7 91. h5 Kg7 92. Bc3+ Kf7 93. Bd4 Ke7 94. Bb2 Kf7 95. Ba3 Kg7 96. Bd6 Kf7 97. h6 Bg8 

1/2-1/2

[Event "1nd WMSG Blitz"]
[Site "?"]
[Date "2008.10.04"]
[Round "?"]
[White "Bu, Xiangzhi"]
[Black "Wang, Yue"]
[WhiteElo "2714"]
[BlackElo "2736"]
[Result "1/2-1/2"]

1. Nf3 d5 2. d4 c6 3. c4 Nf6 4. Qc2 dxc4 5. Qxc4 Bg4 6. Nc3 Nbd7 7. e4 e6 8. Be2 Be7 9. Be3 O-O 10. O-O Bh5 11. Rfd1 Rc8 12. Qb3 Qb6 13. Qc2 Qc7 14. h3 h6 15. Rac1 Rfd8 16. Nd2 Bxe2 17. Nxe2 Qb8 18. Nc4 Nb6 19. Bf4 Qa8 20. b3 c5 21. dxc5 Rxd1+ 22. Qxd1 Nxc4 23. Rxc4 Rxc5 24. Rxc5 Bxc5 25. Qd3 Qc8 26. Be3 Bxe3 27. Qxe3 Qc2 28. Nc3 a6 29. e5 Nd5 30. Nxd5 Qd1+ 31. Kh2 Qxd5 32. f4 h5 33. Qg3 Qd2 34. a4 g6 35. Qg5 b5 36. axb5 axb5 37. h4 b4 38. Qf6 Qd3 39. Qe7 Qd4 40. Qf6 Qd3 41. Qe7 Qd4 42. Qf6 Qd7 43. Qg5 Qd4 44. Qf6 Qd3 45. Qe7 Qd2 46. Qf6 Qd4 47. Qg5 Qd5 48. Qe7 Qd4 49. Qf6 

1/2-1/2

[Event "Moscow Aeroflot op-A"]
[Site "?"]
[Date "2005.02.21"]
[Round "?"]
[White "Eljanov, Pavel"]
[Black "Wang, Yue"]
[WhiteElo "2643"]
[BlackElo "2549"]
[Result "1-0"]

1. d4 d5 2. c4 c6 3. Nf3 Nf6 4. e3 a6 5. Qc2 Bg4 6. Ne5 Bh5 7. Qb3 Ra7 8. cxd5 cxd5 9. Nc3 e6 10. Bd3 Nbd7 11. f4 Be7 12. O-O O-O 13. Bd2 Nxe5 14. fxe5 Nd7 15. Ne2 Bg6 16. Bxg6 hxg6 17. Rac1 Nb8 18. Nf4 Nc6 19. Qd1 Bg5 20. Qg4 Bh6 21. h4 a5 22. h5 Bxf4 23. Rxf4 Ne7 24. Rf3 Qd7 25. Rcf1 Raa8 26. Rh3 Nf5 27. hxg6 Qe8 28. Rxf5 exf5 29. Rh8+ 

1-0

[Event "Moscow Aeroflot op-A"]
[Site "?"]
[Date "2005.02.17"]
[Round "?"]
[White "Kaidanov, Gregory S"]
[Black "Wang, Yue"]
[WhiteElo "2629"]
[BlackElo "2549"]
[Result "1-0"]

1. d4 d5 2. c4 c6 3. Nf3 Nf6 4. Nc3 dxc4 5. a4 Bf5 6. e3 e6 7. Bxc4 Bb4 8. O-O Nbd7 9. Nh4 O-O 10. Nxf5 exf5 11. f3 c5 12. Na2 Qb6 13. Nxb4 Qxb4 14. b3 Rfe8 15. Qd3 a6 16. Bb2 Rad8 17. d5 Ne5 18. Bxe5 Rxe5 19. a5 Rexd5 20. Bxd5 Rxd5 21. Qc4 Qd2 22. Rfe1 g6 23. Re2 Qd3 24. Rc1 Nd7 25. e4 fxe4 26. Rxe4 b5 27. axb6 Nxb6 28. Qxd3 Rxd3 29. Rxc5 Rxb3 30. Re7 Rb5 31. Rxb5 axb5 32. Rb7 Nc4 33. Rxb5 h5 34. Kf2 Nd6 35. Rd5 Nf5 36. Rxf5 gxf5 37. Ke3 Kg7 38. Kf4 Kf6 39. h4 Ke6 40. Kg5 Ke5 41. Kxh5 Kf4 42. Kh6 Kg3 43. Kg5 

1-0

[Event "Moscow Aeroflot op-A"]
[Site "?"]
[Date "2005.02.16"]
[Round "?"]
[White "Wang, Yue"]
[Black "Bu, Xiangzhi"]
[WhiteElo "2549"]
[BlackElo "2607"]
[Result "1/2-1/2"]

1. d4 Nf6 2. c4 e6 3. Nf3 d5 4. g3 dxc4 5. Qa4+ Nbd7 6. Bg2 a6 7. Qxc4 b5 8. Qc2 Bb7 9. O-O c5 10. a4 Rc8 11. axb5 axb5 12. dxc5 Bxc5 13. Qd3 b4 14. Bg5 O-O 15. Nbd2 h6 16. Bxf6 Nxf6 17. Ne5 

1/2-1/2

[Event "Moscow Aeroflot op-A"]
[Site "?"]
[Date "2005.02.15"]
[Round "?"]
[White "Asrian, Karen"]
[Black "Wang, Yue"]
[WhiteElo "2602"]
[BlackElo "2549"]
[Result "1/2-1/2"]

1. e4 c5 2. Nf3 Nc6 3. d4 cxd4 4. Nxd4 Nf6 5. Nc3 e5 6. Ndb5 d6 7. Bg5 a6 8. Na3 b5 9. Bxf6 gxf6 10. Nd5 f5 11. Bd3 Be6 12. O-O Bxd5 13. exd5 Ne7 14. Re1 Bg7 15. Rb1 O-O 16. c4 e4 17. Bf1 bxc4 18. Nxc4 Rb8 19. Qh5 Qd7 20. g3 Nxd5 21. Bh3 Nf6 22. Qg5 Rb5 23. Rbd1 h6 24. Qf4 d5 25. Ne3 Rxb2 26. Nxf5 

1/2-1/2

[Event "Moscow Aeroflot op-A"]
[Site "?"]
[Date "2004.02.25"]
[Round "?"]
[White "Sulskis, Sarunas"]
[Black "Wang, Yue"]
[WhiteElo "2582"]
[BlackElo "2509"]
[Result "1-0"]

1. e4 c5 2. f4 g6 3. Nf3 Bg7 4. c3 Nf6 5. d3 Nc6 6. h3 O-O 7. g4 d5 8. e5 Ne8 9. d4 f6 10. Bg2 fxe5 11. dxe5 Nc7 12. O-O b6 13. Na3 Ba6 14. Rf2 Qd7 15. Rb1 e6 16. b4 Ne7 17. bxc5 bxc5 18. Be3 d4 19. cxd4 Ned5 20. dxc5 Qe7 21. Bd2 Nxf4 22. Bxf4 Rxf4 23. Qd6 Bf8 24. Rd2 Rc8 25. Rc1 Qe8 26. Qd7 Qxd7 27. Rxd7 Nd5 28. Ng5 Rxc5 29. Rb1 Bc8 30. Rd8 Ne3 31. Ne4 Rxe5 32. g5 Nxg2 33. Nf6+ Kf7 34. Rxc8 Be7 35. Nc4 Rxg5 36. Nxh7 Rh5 37. Nd6+ Kg7 38. Rb7 Ne3 39. Rxe7+ Kh6 40. Rh8 Rf1+ 41. Kh2 Ra5 42. Nf6+ Kg5 43. Nfe4+ Kf4 44. Rh4+ Ke5 45. Nf7+ Kf5 46. Nc3 Ra6 47. Rb7 Nd5 48. Kg2 Rc1 49. Nh6+ Kf6 50. Ng8+ Kf5 51. Nh6+ Kf6 52. Ng8+ Ke5 53. Re4+ Kd6 54. Nb5+ Kc5 55. a4 Rc4 56. Rxc4+ Kxc4 57. Nxa7 Rxa4 58. Nc6 Ne3+ 59. Kg3 g5 60. Ne5+ Kd5 61. Nf3 Ra3 62. Kf2 Nd1+ 63. Kg1 e5 64. Rd7+ Ke6 65. Rxd1 Rxf3 66. Kg2 Ra3 

1-0